01829nam a22002897a 4500003000900000008004100009040007100050082002500121110005500146245006800201260003200269300002900301440006600330505081500396650001401211650001701225650002001242650002901262650002901291650002701320700002801347700002501375700002501400700003301425700002601458710005501484AR-CdUCM190425b ||||| |||| 00| 0 spa d aMUNICIPALIDAD PROVINCIAL DEL CUSCOcBIBLIOTECA MUNICIPAL DEL CUSCO aRev.Univ/N°112/1957 aUniversidad Nacional de San Antonio Abad del Cusco aRevista Universitaria :bÓrgano de la Universidad del Cuzco / aCusco :bH.G. Rozas,c1957. a291 páginas. :c20 cm. aRevista UniversitarianAño XLVI, 1° semestre 1957, N°112. aContenido: Fundamentos y formas de la educación cívica. Daniel E. Castillo -- El Arte cuzqueño. Domingo Velasco Astete -- Relaciones de trabajo entre el patrón y los colonos en los fundos de la provincia de Paucartambo. H. Gustavo Palacios P. -- La substancia del mundo. Humberto Vidal. -- Apuntes para la ornitología cuzqueña. Jorge Chávez Chaparro. -- La glaciación pleistocena en Urubamba. Carlos Kalafatovich. -- Algunas sugerencias para la sistematización de los territorios fitogeográficos del Perú. Felipe Marín. -- Correlación entre las pruebas de madurez mental y algunas asignaturas en el colegio Nacional de Varones Ciencias del Cuzco. Gustavo Núñez del Prado Tio. -- Potenciales de ionización y radios iónicos en el Nuevo Sistema Periódico. Oswaldo Baca Mendoza. aQuímica aArte popular aArte cusqueño aLatifundismo Paucartambo aOrnitología cusqueña aColegio Ciencias Cusco aVelasco Astete, Domingo aVidal Unda, Humberto aKalafatovich, Carlos aNúñez del Prado, Gustavo aBaca Mendoza, Oswaldo aUniversidad Nacional de San Antonio Abad del Cusco